Coletânea de Poemas (Record no. 47910)

MARC details
000 -LÍDER
campo de controle de tamanho fixo 00329 a2200145 4500
001 - NÚMERO DE CONTROLE
campo de controle 47910
040 ## - FONTE DA CATALOGAÇÃO
Instituição que transcreveu o registro Anchieta - Aquarius
100 ## - ENTRADA PRINCIPAL--NOME PESSOAL
Nome pessoal Universidade Federal do Espírito Santo
240 10 - TÍTULO UNIFORME
Título uniforme Coletânea de Poemas
Idioma da obra por
245 10 - TÍTULO
Título Coletânea de Poemas
300 ## - DESCRIÇÃO FÍSICA
Extensão 124
362 0# - DATAS DE PUBLICAÇÃO E/OU DESIGNAÇÃO SEQUENCIAL
Datas de publicação e/ou designação sequencial 2015
650 #4 - ASSUNTO--TERMO TÓPICO
Cabeçalho tópico ou nome geográfico Poesia
942 ## - ELEMENTOS DE ENTRADA ADICIONADOS (KOHA)
Tipo de material Koha Livros
Holdings
Situação do descarte Situação das perdas Situação física Não pode ser emprestado Biblioteca de origem Biblioteca atual Data de aquisição Total de empréstimos Número de chamada completo Código de barras Data de último acesso Data do preço efetivo Tipo de material Koha
        Colégio Anchieta - Aquarius Colégio Anchieta - Aquarius 21/11/2023   811 UNI COL 7017/AQU 21/11/2023 21/11/2023 Livros